Statistics for Countries Entirely North of Japan

Click here to take the quiz!

General Stats

  • This quiz has been taken 340 times
  • The average score is 21 of 24

Answer Stats

Country% Correct
Norway
98%
Sweden
98%
Finland
97%
United Kingdom
97%
Denmark
96%
Estonia
96%
Iceland
95%
Latvia
95%
Lithuania
95%
Ireland
94%
Germany
92%
Poland
92%
Belgium
91%
Belarus
90%
Netherlands
90%
Luxembourg
85%
Austria
83%
Switzerland
80%
Hungary
79%
Liechtenstein
79%
Slovakia
79%
Czech Republic
74%
Greenland
48%
Faroe Islands
41%

Score Distribution

Percentile by Number Answered

Percent of People with Each Score

Your Score History

You have not taken this quiz